Phương pháp khảo sát, nghiên cứu thực nghiệm công trình

Uloženo v:
Podrobná bibliografie
Hlavní autor: Võ Văn Thảo
Médium: Kniha
Jazyk:Undetermined
Vydáno: Hà Nội KHKT 2001
Témata:
Tagy: Přidat tag
Žádné tagy, Buďte první, kdo otaguje tento záznam!
Thư viện lưu trữ: Trung tâm Học liệu Trường Đại học Cần Thơ
LEADER 00549nam a2200169Ia 4500
001 CTU_48669
008 210402s9999 xx 000 0 und d
082 |a 624.0299 
082 |b Th108 
100 |a Võ Văn Thảo 
245 0 |a Phương pháp khảo sát, nghiên cứu thực nghiệm công trình 
245 0 |c Võ Văn Thảo 
260 |a Hà Nội 
260 |b KHKT 
260 |c 2001 
650 |a building - estimates,civil engineering,engineering - estimates 
980 |a Trung tâm Học liệu Trường Đại học Cần Thơ